000
00314nam a22001457a 4500
008
250709b ||||| |||| 00| 0 eng d
020
_a
891982821
041
_a
SHQIP
080
_2
1988
_a
001
082
_a
001
100
_a
1
101
_a
GJUHE DHE LETERSI
245
_a
VEPRA 6
_c
FAN S.NOLI
942
_2
udc
_c
BK
999
_c
60734
_d
60734